Responses for Show #154 - Thursday, April 11, 1985

Mike Day game 3.

Contestants

[<< previous game]

Melody Cadillac, a nursing student from Upland, California

Kevin Eisenberg, an elementary school teacher from Mar Vista, California

Mike Day, a finance and marketing MBA student from Columbus, Ohio (whose 2-day cash winnings total $16,600)

[next game >>]

Jeopardy! Round responses

SPORTS LEGENDS
ENGLISH EDIBLES
NOTORIOUS
1953
STARTS WITH "A"
KIDDIE LIT
    $100 1
O.J. Simpson

Mike
    $100 12
(Mike: What is jam?)

Jello

MikeMelody
    $100 16
(Mike: What is Scarface?)

Bugsy

MikeMelody
    $100 6
(Mike: What is, uh, The Lucy Show?)
(Alex: Yes, that's it. Nice going.)
[ERRATUM: The Lucy Show did not premiere until 1962.]

I Love Lucy

Mike
    $100 10
Autumn

Mike
    $100 8
Spot

Mike
    $200 2
bullfighting

Mike
    $200 13
molasses

Mike
    $200 18
(James Riddle) Hoffa

Mike
    $200 7
the Soviet Union

Kevin
    $200 11
abbreviate

Melody
    $200 15
a gingerbread cookie

Mike
    $300 3
(Lou) Gehrig

Mike
    $300 17
peanuts

Mike
    $300 19
[ERRATUM: Secretary of the Interior Albert Fall was convicted for taking bribes in the Teapot Dome scandal.]

Mitchell

Mike
    $300 9
(Kevin: What is color?)
(Melody: What is Panavision?)
...
(Alex: I guess I'll have to give it to you. What is [*]? Remember the glasses you had to wear? One red, one green. [*].)

3-D

KevinMelody
Triple Stumper
    $300 14
apology

Kevin
    $300 21
Through The Looking-Glass

Mike
    $400 4
Borg

Mike
    $400 27
(Mike: What is mayonnaise?)

cottage cheese

MikeKevin
    $400 20
(Charles) "Lucky" Luciano

Mike
    $400 23
(Christine) Jorgensen

Mike
    $400 22
(Alex: With less than a minute to go in the round.)

Ave Maria

Mike
    $400 24
they were too big

Mike
    $500 5
Bruce Jenner

Mike
    $500 28
[The end-of-round signal sounds.]

roast

Melody
    $500 26
(Melody: What is, oh, sorry.)

attaches

KevinMelody
    $500 25
the Grimm brothers

Kevin

Scores at the first commercial break (after clue 12):

Mike Kevin Melody
$1,700 -$100 $0

Scores at the end of the Jeopardy! Round:

Mike Kevin Melody
$4,300 $1,600 $100

Double Jeopardy! Round responses

AFRICA
MUSICAL INSTRUMENTS
ANATOMY
CITY QUOTES
MYTHOLOGY
MOVIE PAIRS
    $200 17
the Sahara Desert

Mike
    $200 9
the kettledrums

Mike
    $200 1
the heart

Melody
    $200 13
(Melody: What is San Francisco?)

Chicago

MikeMelody
    $200 5
Cupid

Melody
    $200 12
Laurel & Hardy

Mike
    $400 18
(Melody: What is France?)

Portugal

MikeMelody
    $1,500 10
a tuning fork

Mike
    $400 2
(Kevin: What are the...)

the incisors

KevinMelody
    $400 14
(Melody: What is Peoria?)

Hollywood

MikeMelody
    $400 7
Echo

Kevin
    $400 22
Butch Cassidy & the Sundance Kid

Mike
    $600 19
(Melody: What is the Serengeti?)

the savannah (or the veldt)

KevinMelody
    $600 11
(Mike: What is a ukulele?)

a balalaika

MikeMelody
    $600 3
(Melody: What are the lungs?)

the nose

Melody
Triple Stumper
    $600 15
Boston

Mike
    $600 8
Adonis

Mike
    $800 24
(Melody: What is the violin?)
...
(Alex: The film was called The Horn Blows At Midnight, and the horn was [*].)
[The end-of-round signal sounds.]

a trumpet

Melody
Triple Stumper
    $800 4
the bones in the ears (the hammer, the anvil & the stirrup)

Kevin
    $800 16
(Kevin: What is Atlanta?)
...
(Alex: It was a reversal of the traditional lines.)

Washington, D.C.

MikeKevin
    $800 20
(Alex: Less than a minute in the round.)

Hercules

Melody
    $1000 6
(Melody: What are the feet?)
(Alex: Be more specific.)
(Melody: What is the foot? The leg?)
(Alex: Sorry.)

the sole of the foot (or the palm of the hand)

KevinMelody
    $1000 21
(Melody: What is...I'm sorry.)

Philadelphia

Melody
Triple Stumper
    $1000 23
(Melody: What is Neptune?)
(Alex: Sorry, incorrect. Some days the magic works, Melody, and some days it doesn't.)
...
(Kevin: Who is Equator?)

Oceanus

KevinMelody
Triple Stumper

Scores at the end of the Double Jeopardy! Round:

Mike Kevin Melody
$9,200 $2,200 -$3,700
(lock game)

[wagering suggestions for these scores]

Final Jeopardy! Round responses

SHAKESPEARE
KevinWhat is "A Winter's Tale"
$2,100
MikeWhat is "A Winter's Tale?"
$800
The Winter's Tale

Final scores:

Mike Kevin Melody
$10,000 $4,300 -$3,700
3-day champion: $26,600 2nd place: Speed Queen washer & dryer and Vitamix bread maker & home yogurt factory 3rd place: Jules Jurgensen his & hers watches

Game dynamics:

Coryat scores:

Mike Kevin Melody
$8,100 $2,200 -$3,700
29 R
(including 2 DDs),
4 W
9 R,
4 W
9 R,
11 W

Combined Coryat: $6,600

[game clues] [game scores] [suggest correction]

Game tape date: 1984-12-18
The J! Archive is created by fans, for fans. Scraping, republication, monetization, and malicious use prohibited; this site may use cookies and collect identifying information. See terms. The Jeopardy! game show and all elements thereof, including but not limited to copyright and trademark thereto, are the property of Jeopardy Productions, Inc. and are protected under law. This website is not affiliated with, sponsored by, or operated by Jeopardy Productions, Inc. Join the discussion at JBoard.tv.